Normal view
MARC view
Entry Topical Term
001 - CONTROL NUMBER
- control field: 230
003 - CONTROL NUMBER IDENTIFIER
- control field: ARRUPE
005 - DATE AND TIME OF LATEST TRANSACTION
- control field: 20130917120444.0
008 - FIXED-LENGTH DATA ELEMENTS
- fixed length control field: 130917|| aca||aabn | a|a d
040 ## - CATALOGING SOURCE
- Original cataloging agency: ARRUPE
- Transcribing agency: ARRUPE
150 ## - HEADING--TOPICAL TERM
- Topical term or geographic name as entry element: Papacy.
670 ## - SOURCE DATA FOUND
- Source citation: Work cat.: (ARRUPE)0: Wills, Garry, 1934- 228, Why I am a Catholic /, c2002.